Gradient Country Flags - Statistics

General Stats
  • This quiz has been taken 5,828 times
  • The average score is 14 of 16
Answer Stats
Picture Answer % Correct
Germany
100%
France
99%
Sweden
99%
Ukraine
99%
Denmark
98%
Italy
98%
Estonia
96%
Bangladesh
95%
Czech Republic
93%
Bahrain
89%
Laos
87%
Peru
85%
Lithuania
83%
Central African Republic
76%
Republic of the Congo
69%
Mauritius
68%
No matching quizzes found
Score Distribution
Percent of People with Each Score
Percentile by Number Answered
Your Score History
You have not taken this quiz